000 00605nam a2200217Ii 4500
001 5583
003 CO-ViMGA
008 241108s9999||||xx |||||||||||||| ||und||
020 _a8471662108
040 _aCO-ViMGA
_bspa
_erda
_cCO-ViMGA
041 0 _aunk
082 0 4 _a833.8-K134
100 1 _aFranz Kafka
245 1 0 _a<El> castillo
264 1 _a[Lugar de publicación no identificado] : Edaf Ediciones, 1981
300 _avolumen
336 _atext
_btxt
_2rdacontent
337 _aunmediated
_bn
_2rdamedia
338 _avolume
_bnc
_2rdacarrier
940 _aidficha_siabuc: 5437. -- ficha_no_siabuc:5583
999 _c51740
_d51740